Vision de futuro para administrar: los recursos forestales y áreas protegidas / Radhames Lora Salcedo (Registro nro. 1877)

Detalles MARC
000 -LEADER
fixed length control field 00527nam a22001811a 4500
001 - CONTROL NUMBER
control field 1877
003 - CONTROL NUMBER IDENTIFIER
control field OSt
005 - DATE AND TIME OF LATEST TRANSACTION
control field 20260204211750.0
008 - FIXED-LENGTH DATA ELEMENTS--GENERAL INFORMATION
fixed length control field 040122s2000||||dr ||||||b||||||||||spa||
050 ## - LIBRARY OF CONGRESS CALL NUMBER
Classification number 333.7 L882r
082 ## - DEWEY DECIMAL CLASSIFICATION NUMBER
Classification number 333.7 L882r
100 ## - ASIENTO PRINCIPAL -- NOMBRE PERSONAL
Personal name Lora salcedo, Radhames
245 ## - TÍTULO PROPIAMENTE DICHO: SUBTÍTULO
Title Vision de futuro para administrar: los recursos forestales y áreas protegidas / Radhames Lora Salcedo
264 ## - PRODUCTION, PUBLICATION, DISTRIBUTION, MANUFACTURE, AND COPYRIGHT NOTICE
Place of production, publication, distribution, manufacture Santo Domingo : Amigo del Hogar
300 ## - PHYSICAL DESCRIPTION
Extensión 214 p
650 ## - ASIENTO SECUNDARIO DE MATERIA -- TERMINO TEMÁTICO
Termino Temático Como Elemento de Entrada 1.Bósques 2.Recursos ForestalesÌ
942 ## - ADDED ENTRY ELEMENTS (KOHA)
Source of classification or shelving scheme Dewey Decimal Classification
Koha item type Libros
Existencias
Withdrawn status Lost status Source of classification or shelving scheme Damaged status Not for loan Current library Date acquired Total Checkouts Full call number Barcode Date last seen Price effective from Koha item type
    Dewey Decimal Classification     Biblioteca UTECO 09/09/2019   333.7 L882R 006277 09/09/2019 09/09/2019 Libros
    Dewey Decimal Classification     Biblioteca UTECO 09/09/2019   333.7 L882R 006278 09/09/2019 09/09/2019 Libros
© 2021 Derechos Reservados UTECO - Teléfono: +1 809-585-2291 - Correo electrónico: biblioteca@uteco.edu.do​  
Código postal 43000 ​​
Dirección: Avenida Universitaria No. 100, 
Cotuí, Provincia Sánchez Ramírez, República Dominicana - RNC: 404-00059-6